000 00502nam a2200169Ia 4500
003 OSt
005 20200929144139.0
008 190216s9999||||xx |||||||||||||| ||und||
040 _coclc
082 _a591.38
_bBHA/A
100 _aBhaskaran, K K
_94912
245 0 _aAnimal Diversity And Economic Zoology /
_cK K Bhaskaran ; A Biju Kumar
260 _bManjusha Publications,
_aCalicut:
300 _a320p
650 _aZoology
942 _cBK
_2ddc
_h591.38
_iBHA/A
_k591.38
_mBHA/A
999 _c37497
_d37497